Marital communication and decision making (Record no. 14104)

MARC details
000 -LEADER
fixed length control field 00707nam a2200265Ia 4500
003 - CONTROL NUMBER IDENTIFIER
control field OSt
005 - DATE AND TIME OF LATEST TRANSACTION
control field 20220912144629.0
008 - FIXED-LENGTH DATA ELEMENTS--GENERAL INFORMATION
fixed length control field 220909b |||||||| |||| 00| 0 eng d
020 ## - INTERNATIONAL STANDARD BOOK NUMBER
International Standard Book Number 0029325706 (hbk)
020 ## - INTERNATIONAL STANDARD BOOK NUMBER
International Standard Book Number SL0575311
037 ## - SOURCE OF ACQUISITION
Terms of availability Textual
040 ## - CATALOGING SOURCE
Original cataloging agency CSL
Language of cataloging eng
Transcribing agency CSL
041 ## - LANGUAGE CODE
Language code of text/sound track or separate title eng
100 ## - MAIN ENTRY--PERSONAL NAME
Personal name Thomas Edwin J
245 #0 - TITLE STATEMENT
Title Marital communication and decision making
260 ## - PUBLICATION, DISTRIBUTION, ETC.
Place of publication, distribution, etc. New York
Name of publisher, distributor, etc. Macmillan Pub.
Date of publication, distribution, etc. 1977
300 ## - PHYSICAL DESCRIPTION
Extent xi, 239p. ill.
700 ## - ADDED ENTRY--PERSONAL NAME
Personal name Thomas Edwin J
942 ## - ADDED ENTRY ELEMENTS (KOHA)
Classification part Y:3217:(S:44), L7
Koha item type Textual
Source of classification or shelving scheme Colon Classification (CC)
Holdings
Withdrawn status Lost status Damaged status Not for loan Home library Current library Date acquired Total Checkouts Full call number Barcode Date last seen Price effective from Koha item type
        Central Science Library Central Science Library 2022-09-12   Y:3217:(S:44) L7 SL0575311 2022-09-12 2022-09-12 Textual
Copyright @ Delhi University Library System